Pays d'Europe - Mort Subite - Statistiques

Statistiques générales
  • Ce quiz a été pris 1 362 fois
  • Le résultat moyen est 15 sur 19
Answers on the Grid
Answers color-coded by a green-red scale on the quiz's grid according to % correct below.
Allemagne
Albanie
Andorre
Arménie
Belgique
Chypre
Egypte
Estonie
Fidji
Finlande
France
Géorgie
Honduras
Hongrie
Irlande
Islande
Jordanie
Kosovo
Koweït
Liban
Libéria
Liechtenstein
Lituanie
Moldavie
Mongolie
Saint-Marin
Singapour
Suède
Ukraine
Vatican
 
Statistiques - réponses
Réponse % Correct
Allemagne
99%
Albanie
90%
France
89%
Andorre
88%
Belgique
86%
Estonie
81%
Finlande
81%
Islande
78%
Hongrie
77%
Irlande
77%
Suède
77%
Lituanie
75%
Liechtenstein
74%
Saint-Marin
74%
Ukraine
74%
Vatican
72%
Chypre est politiquement considéré en Europe et fait également parti de l'union européenne. Chypre
68%
Moldavie
68%
Kosovo
66%
Aucun quiz correspondant
Distribution des résultats
% des personnes avec chaque résultat
Percentile par nombre de réponses
Votre historique - résultats
Vous n’avez pas pris ce quiz